Phật học từ điển
Bộ từ điển gồm ba quyển, giới thiệu phần tra cứu những từ trong kinh Phật theo chữ Pháp, Phạn, Tàu, Tây Tạng, và được sắp xếp từ A đến H (quyển I), từ H đến T (quyển II), từ U đến Z và phần phần phụ lục, ghi một số danh từ triết h...
Tallennettuna:
| Päätekijä: | |
|---|---|
| Aineistotyyppi: | Kirja |
| Kieli: | Undetermined |
| Julkaistu: |
Thành phố Hồ Chí Minh
Nxb. Thành phố Hồ Chí Minh
1997
|
| Aiheet: | |
| Tagit: |
Lisää tagi
Ei tageja, Lisää ensimmäinen tagi!
|
| Thư viện lưu trữ: | Trung tâm Học liệu Trường Đại học Cần Thơ |
|---|
| LEADER | 01086nam a2200229Ia 4500 | ||
|---|---|---|---|
| 001 | CTU_28832 | ||
| 008 | 210402s9999 xx 000 0 und d | ||
| 020 | |b 93.400đ | ||
| 020 | |c 93400 | ||
| 082 | |a 294.3 | ||
| 082 | |b C429/T.2 | ||
| 100 | |a Đoàn, Trung Còn | ||
| 245 | 0 | |a Phật học từ điển | |
| 245 | 0 | |c Đoàn Trung Còn | |
| 260 | |a Thành phố Hồ Chí Minh | ||
| 260 | |b Nxb. Thành phố Hồ Chí Minh | ||
| 260 | |c 1997 | ||
| 520 | |a Bộ từ điển gồm ba quyển, giới thiệu phần tra cứu những từ trong kinh Phật theo chữ Pháp, Phạn, Tàu, Tây Tạng, và được sắp xếp từ A đến H (quyển I), từ H đến T (quyển II), từ U đến Z và phần phần phụ lục, ghi một số danh từ triết học, ngoại giáo cũng bằng chữ Pháp và chữ La Mã (quyển III) | ||
| 650 | |a Buddhism | ||
| 650 | |x Dictionary | ||
| 904 | |i Minh, 990305 | ||
| 980 | |a Trung tâm Học liệu Trường Đại học Cần Thơ | ||